00445cam a2200169ua 45000010005000000080039000050400009000440410008000530820011000611000024000722450072000962500009001682600027001773000010002046530042002146530019002568160150109n ii |||gr||||Z||||||hin cMAIN ahin a491.43 aDubey, S.,eAuthor.1 aDinakar ki kavyabhasa ka sanrachanatmak adhyayancBy Surendra Dubey a1st. aDelhi:bPravin,c1986. a168p. aEast Indo-European & Celtic languages aHindi language